Villes accueillant l'Euro 2024 sur une carte - Statistiques

Statistiques générales
  • Ce quiz a été pris 117 fois
  • Le résultat moyen est 7 sur 10
Réponses sur la Carte
Les réponses sont colorées sur une échelle allant du rouge au vert en fonction du pourcentage des utilisateurs qui les ont devinées à leur premier essai. Vous pouvez retrouver ces pourcentages ci-dessous.
 
Statistiques - réponses
Ville % Correct
Berlin
98%
Munich
97%
Dortmund
95%
Hambourg
75%
Francfort
71%
Stuttgart
69%
Leipzig
66%
Cologne
64%
Düsseldorf
57%
Gelsenkirchen
28%
Aucun quiz correspondant
Distribution des résultats
% des personnes avec chaque résultat
Percentile par nombre de réponses
Votre historique - résultats
Vous n’avez pas pris ce quiz